000 03055cam a22004454i 4500
003 PE-LiUPU
005 20250731165422.0
008 160108s2014 pe a grm 000 0 spa d
035 _a(Sirsi) a155651
040 _aPE-LiUPU
_bspa
_cPE-LiUPU
_erda
099 _aTEF 3
_bM22 2014
100 1 _aManturano Velásquez, Gladys Norma
_eautor
245 1 _aApoyo emocional del profesional de enfermería y el afrontamiento de los padres de pacientes pediátricos postoperados con cardiopatía congénita en el Instituto Nacional del Corazón, 2013 /
_cGladys Norma Manturano Velásquez.
264 0 _c2014.
300 _a113 hojas
_c30 cm
336 _atext
_2rdacontent
337 _aunmediated
_2rdamedia
338 _avolume
_2rdacarrier
502 _aTesis
_b(Mg.) --
_cUniversidad Peruana Unión,
_d2014.
504 _aIncluye referencias
520 3 _aEl cuidado de la esfera emocional es elemental más aún si se experimenta una situación de crisis, porque un hijo padece cardiopatía congénita y va ser intervenido quirúrgicamente, en estas condiciones, los padres recurren a diferentes mecanismos para paliar el sufrimiento, la intervención de enfermería es muy importante. El presente estudio tiene el objetivo de determinar la relación que existe entre apoyo emocional del profesional de enfermería y el afrontamiento de los padres de pacientes pediátricos post operados con cardiopatía congénita. Este estudio es de diseño no experimental, tipo cuantitativo, descriptivo, correlacional de corte transversal. La muestra estuvo compuesta por 44 padres de pacientes pediátricos post operado con cardiopatía congénita, se utilizó un muestreo no probabilístico. Para la recolección de datos se aplicó el instrumento mediante el uso de criterios de inclusión y exclusión; fueron dos cuestionarios: uno para apoyo emocional y otro para afrontamiento, divididos en 3 dimensiones cada uno, cuyos resultados son referidos: el 27% de padres recibe apoyo emocional desfavorable y afrontamiento desfavorable. Aplicando la prueba estadística de chi cuadrado, la relación de las variables fue significativo p:009, es decir a mayor apoyo emocional del profesional de enfermería mejor afrontamiento de los padres de pacientes pediátricos post operados con cardiopatía congénita. En conclusión el apoyo emocional en los momentos de crisis es de vital importancia y depende de la calidad de apoyo que se brinda para tener un afrontamiento favorable.
526 _aSEG44
526 _aSEG26
526 _aP151
526 _aP150
526 _aP149
526 _aP146
526 _aP145
526 _aP126
526 _aP125
526 _aP92
526 _aP75
526 _aP74
526 _aP27
526 _aP15
650 1 4 _aPadres de niños enfermos
_xAspectos psicológicos.
596 _a1
942 _2ddc
_cTESIS
999 _aTEF 3 M22 2014
_wALPHANUM
_c8326
_iT01503
_d8326
_lCCODEBUL3
_mBUL
_q1
_r1
_sY
_tTESIS
_u2016-1-8
_xPOSGRADO
_PP69
_o.PUBLIC. Tesis
_o.STAFF. Tesis
980 _81
_gALBERTO SANCHEZ Responsable de Automatización